| 000 | 01057nam a22003017a 4500 | ||
|---|---|---|---|
| 003 | OSt | ||
| 005 | 20260211093803.0 | ||
| 008 | 250217b |||||||| |||| 00| 0 eng d | ||
| 020 | _a9780323566704 (Paperback) | ||
| 040 |
_aNUST _beng _cNUST _dNUST _erda |
||
| 050 | _aRC78 EIS | ||
| 100 |
_aEisenberg, Ronald L. _eAuthor |
||
| 245 |
_aComprehensive radiographic pathology / _cRonald L. Eisenberg and Nancy M. Johnson. |
||
| 250 | _aSeventh edition. | ||
| 260 |
_aSt. Louis, Missouri : _bElsevier, _c©2021. |
||
| 300 |
_axii, 465 pages : _bIllustrations ; _c28 cm. |
||
| 336 |
_2rdacontent _atext _btxt |
||
| 337 |
_2rdamedia _aunmediated _bn |
||
| 338 |
_2rdacarrier _avolume _bnc |
||
| 504 | _aIncludes index. | ||
| 650 | _aDiagnosis, Radioscopic. | ||
| 650 |
_aDiagnosis, Radioscopic _xProblems, exercises, etc. |
||
| 650 |
_aPathology _xProblems, exercises, etc. |
||
| 650 |
_aRadiography _xmethods. |
||
| 650 | _aPathology. | ||
| 700 |
_aJohnson, Nancy M. _eAuthor |
||
| 942 |
_2lcc _cBOOKS _eSeventh edition. _hRC78 EIS _kRC _mEIS _n0 |
||
| 999 |
_c171272 _d171272 |
||